| 000 | 00366nam a22001457a 4500 | ||
|---|---|---|---|
| 003 | SGT | ||
| 082 |
_a617 _bP21A |
||
| 100 | _aARORA. PRATUL | ||
| 245 | _aA PROSPECTIVE STUDY ON DIFFERENT MODALITIES OF MANAGEMENTOF LIVER ABSCESSES | ||
| 260 |
_aGURUGRAM _bSGT UNIVERSITY _c2021 |
||
| 300 | _a106 | ||
| 650 | _aGENERAL SURGERY | ||
| 653 | _aMS | ||
| 942 |
_2ddc _cTH |
||
| 999 |
_c33181 _d33181 |
||